000 00251pam a2200133 a 4500
020 _c
041 _h
100 _aCPR
245 _aCommunication Techniques for Environmental
260 _c199
300 _a13
653 _aStory
930 _a930
999 _c246783
_d246783